000 00262nam a22001217a 4500
082 _a494
_bMUR/R
100 _aMANOHAR, MURALI
245 _aSARAL NIBHANDH LEKHAN
260 _aDELHI
_bROHAN BOOK COMPANY
300 _a160
650 _aESSAY
_zDELHI
942 _cBK
999 _c4443
_d4443